Performance of tuff brite C (registered trade-mark) and other formulations against blue-stain, mold and brown-stain in freshly-sawn rubberwood (Hevea brasiliensis) in the humid tropics of Peninsular Malaysia (Record no. 47726)

MARC details
000 -LEADER
fixed length control field 00546nam a2200121Ia 4500
100 ## - MAIN ENTRY--AUTHOR NAME
Personal name Wong A H H
245 #0 - TITLE STATEMENT
Title Performance of tuff brite C (registered trade-mark) and other formulations against blue-stain, mold and brown-stain in freshly-sawn rubberwood (Hevea brasiliensis) in the humid tropics of Peninsular Malaysia
260 ## - PUBLICATION, DISTRIBUTION, ETC. (IMPRINT)
Name of publisher International Research Group on Wood Preservation, IRG Secretariat 1997, Stockholm, Sweden
500 ## - GENERAL NOTE
General note AGRIS CD 1997-1998
700 ## - ADDED ENTRY--PERSONAL NAME
Personal name Woods T L
942 ## - ADDED ENTRY ELEMENTS (KOHA)
Koha item type Bibliography RLWO
Holdings
Withdrawn status Lost status Damaged status Not for loan Home library Current library Date acquired Koha item type
      Bibliography RRII Library RRII Library 31/12/2021 Bibliography RLWO